| 000 | 00796cam a22002777a 4500 | ||
|---|---|---|---|
| 003 | CHAP | ||
| 005 | 20220329135033.0 | ||
| 008 | 971013s1971 r 00010 d | ||
| 010 | _a29922 | ||
| 011 | _a30894 | ||
| 035 | _a35006 | ||
| 040 | _cCHAP | ||
| 090 | _aFolleto 1821 | ||
| 100 | 0 | 0 |
_aMalm, Norman R. _970181 |
| 245 | 1 | 4 |
_aThe Setaria millets _b: a review of the world literature |
| 260 |
_aLincoln : _bNebraska Agr. Esp. Sta., _c1971 |
||
| 300 |
_a133 p. _b: ilus |
||
| 490 | 0 |
_aStation bulletin _v; 513 |
|
| 590 |
_aBATCH-UPD _b10 _c20130110 _lUCH01 _h2114 |
||
| 590 |
_aCONVERSION _b10 _c20130109 _lUCH01 _h1317 |
||
| 650 | 1 | 4 |
_aMijo. _975640 |
| 830 | 0 |
_aStation bulletin _v; 513 _9109511 |
|
| 901 | _aBK | ||
| 942 | _cFOLL | ||
| 949 |
_aFolleto 1821 _bBC _cFOLL _d-80893 _eTS1 _i35006 _si |
||
| 999 |
_c29922 _d29922 |
||